[Event "Oberliga Baden 0203"]
[Site "Germany"]
[Date "2003.01.26"]
[Round "5.1"]
[White "Pielmeier, Thomas"]
[Black "Wirthensohn, Heinz"]
[Result "0-1"]
[WhiteElo "2218"]
[BlackElo "2366"]
[PlyCount "64"]
[EventDate "2002.10.20"]
[EventType "team-tourn"]
[EventRounds "9"]
[EventCountry "GER"]
[SourceTitle "EXT 2018"]
[Source "ChessBase"]
[SourceDate "2017.10.13"]
[SourceVersion "1"]
[SourceVersionDate "2017.10.13"]
[SourceQuality "1"]
[WhiteTeam "Heidelberg II"]
[BlackTeam "Waldshut"]
[WhiteTeamCountry "GER"]
[BlackTeamCountry "GER"]

1. e4 c5 2. Nf3 g6 3. d4 Bg7 4. c3 cxd4 5. cxd4 d6 6. Nc3 Nf6 7. Be2 0-0 8. 0-0 Bg4 9. Be3 Nc6 10. Qd2 d5 11. exd5 Nxd5 12. Nxd5 Qxd5 13. h3 Bf5 14. Rfc1 Rad8 15. Bc4 Qa5 16. Qe2 Be4 17. Nd2 Bd5 18. Nb3 Qb6 19. Bxd5 Rxd5 20. Rc5 Rfd8 21. Qc4 e6 22. Rc1 Bf8 23. Rxd5 Rxd5 24. Nd2 Qd8 25. Nf3 Bg7 26. Qb3 Rd7 27. g3 h6 28. Rc5 Kh7 29. Ne5 Nxe5 30. dxe5 b6 31. Rb5 Qa8 32. a4 Qf3 0-1